Southville International School and Colleges
Your cart is empty.
  • Cart
  • Lists
    Public lists Eva Luna New books Lux_list list_1
    Your lists Log in to create your own lists
  • Log in to your account
  • Your cookies
  • Search history
Southville International School and Colleges
  • Advanced search
  • Recent comments
  • Most popular
  • Libraries

Log in to your account

Log in with GOOGLE


If you do not have an external account, but do have a local account, you can still log in:

  1. Home
  2. MARC view: Nutrition for life /
Normal view MARC view ISBD view

Nutrition for life / (Record no. 288361)

[ view plain ]
MARC details
000 -LEADER
fixed length control field 01525cam a22003134a 4500
001 - CONTROL NUMBER
control field SSB060906 SSB008452
003 - CONTROL NUMBER IDENTIFIER
control field PILC
005 - DATE AND TIME OF LATEST TRANSACTION
control field 20150806121634.0
008 - FIXED-LENGTH DATA ELEMENTS--GENERAL INFORMATION
fixed length control field 110830s2013 maua b 001 0 eng
010 ## - LIBRARY OF CONGRESS CONTROL NUMBER
LC control number 2011029810
020 ## - INTERNATIONAL STANDARD BOOK NUMBER
International Standard Book Number 9780321799135
035 ## - SYSTEM CONTROL NUMBER
System control number (OCoLC)ocn748674590
040 ## - CATALOGING SOURCE
Original cataloging agency DLC
Transcribing agency DLC
Modifying agency YDX
-- YDXCP
-- DLC
042 ## - AUTHENTICATION CODE
Authentication code pcc
050 00 - LIBRARY OF CONGRESS CALL NUMBER
Classification number TX 354
Item number .T374 2013
100 1# - MAIN ENTRY--PERSONAL NAME
Personal name Thompson, Janice,
Dates associated with a name 1962-
245 10 - TITLE STATEMENT
Title Nutrition for life /
Statement of responsibility, etc Janice Thompson and Melinda Manore.
250 ## - EDITION STATEMENT
Edition statement 3rd edition.
260 ## - PUBLICATION, DISTRIBUTION, ETC. (IMPRINT)
Place of publication, distribution, etc Boston :
Name of publisher, distributor, etc Pearson,
Date of publication, distribution, etc 2013.
300 ## - PHYSICAL DESCRIPTION
Extent xxxi, 404 pages :
Other physical details color illustrations ;
Dimensions 28 cm.
500 ## - GENERAL NOTE
General note Includes bibliographical references and index.
505 0# - FORMATTED CONTENTS NOTE
Formatted contents note Nutrition : making it work for you -- The human body : are we really what we eat? -- Carbohydrates : plant-derived energy nutrients -- Fats : essential energy-supplying nutrients -- Proteins : crucial components of all body tissues -- Vitamins : micronutrients with macro powers -- Minerals : buildings and moving our body -- Fluid balance, water, and alcohol -- Achieving and maintaining a healthful body weight -- Nutrition and physical activity : keys to good health -- Nutrition throughout the life cycle -- Nutrition issues : the safety and security of the world's food supply.
650 #0 - SUBJECT ADDED ENTRY--TOPICAL TERM
Topical term or geographic name as entry element Nutrition
Form subdivision Textbooks.
650 12 - SUBJECT ADDED ENTRY--TOPICAL TERM
Topical term or geographic name as entry element Nutritional Physiological Phenomena.
650 22 - SUBJECT ADDED ENTRY--TOPICAL TERM
Topical term or geographic name as entry element Food.
700 1# - ADDED ENTRY--PERSONAL NAME
Personal name Manore, Melinda,
Dates associated with a name 1951-
700 1# - ADDED ENTRY--PERSONAL NAME
Personal name Manore, Melinda,
Dates associated with a name 1951- ,
Relator term author.
942 ## - ADDED ENTRY ELEMENTS (KOHA)
Source of classification or shelving scheme Library of Congress Classification
Koha item type Books
Call number prefix Foreign
Holdings
Withdrawn status Lost status Source of classification or shelving scheme Damaged status Home library Current library Shelving location Date acquired Source of acquisition Cost, normal purchase price Sub Shelving location Total Checkouts Full call number Barcode Date last seen Date checked out Price effective from Koha item type
    Library of Congress Classification   College Library College Library Reserve Section 08/06/2015 Library Fund 8228.00   2 TX 354 .T374 2013 C19679 08/17/2022 08/10/2022 08/06/2015 Books

Nutrition for life /

APA

Thompson J., Manore M. & Manore M. (2013). Nutrition for life. Boston: Pearson.

Chicago

Thompson Janice, Manore Melinda and Manore Melinda. 2013. Nutrition for life. Boston: Pearson.

Harvard

Thompson J., Manore M. and Manore M. (2013). Nutrition for life. Boston: Pearson.

MLA

Thompson Janice, Manore Melinda and Manore Melinda. Nutrition for life. Boston: Pearson. 2013.

  • Place hold
  • Print
  • Cite
  • Add to your cart (remove)
  • Save record
    BIBTEX Dublin Core MARCXML MARC (non-Unicode/MARC-8) MARC (Unicode/UTF-8) MARC (Unicode/UTF-8, Standard) MODS (XML) RIS
  • More searches
    Search for this title in:
    Other Libraries (WorldCat) Other Databases (Google Scholar) Online Stores (Bookfinder.com) Open Library (openlibrary.org)

Exporting to Dublin Core...

SOUTHVILLE LIBRARY

Southville International School and Colleges Library

1281 Tropical Ave. Cor. Luxembourg St., BF Homes International, Las Pinas City

Tel. No. 8256374 / 252358 Loc. 117/146

Powered by Koha